Cómo es que el hielo puede quebrar el hierro? /

Guardado en:
Autor Corporativo: Videoteca CEA.
Formato: Deslizar
Series:Cómo, por qué, para qué?
Materias:
Etiquetas: Agregar Etiqueta
Sin Etiquetas, Sea el primero en etiquetar este registro!
LEADER 00872ngm a22002535g 4500
001 CEM.cems021790
008 130507b1993##################0###0#####d
005 20240910173541.0
245 1 0 |a Cómo es que el hielo puede quebrar el hierro? /  |c Videoteca CEA. 
300 |a 09 
490 0 |a Cómo, por qué, para qué? 
500 |a En soporte VHS, consultar en ventanilla. 
538 |a Soporte: VHS - Norma: Pal N - Color - Grabación DRD 1993 - Hitachi=2923. 
505 0 |a Zonas de temperatura menor a 0øC. Fusión del hielo y otros sólidos. Fusión y solidificación. 
110 2 |a Videoteca CEA. 
082 5 3 |/ CEA-1 
653 |a FISICA 
653 |a FUSION 
653 |a HIELO 
653 |a HELADAS 
653 |a SOLIDIFICACION 
653 |a NIVEL PRIMARIO 
653 |a NIVEL SECUNDARIO 
859 |a CEMS  |b BIB. CEMS - Depto. Recursos Didacticos  |h 530  |i CEA-1  |k DRD  |p 433.12  |t Ej.1